000 01080cab a22002055a 4500
001 L154083
008 111012s2011 xxk 000 0 eng d
035 _a(Sirsi) u154083
041 0 _aeng
100 1 _aIves, Paul
245 0 0 _aLondon offices - busy but not buoyant
260 _c2011
490 0 _aSustainablebuilding inc Propertyforecast
_v(57) September 2011, 16(1)
520 _aDepressing economic news may disrupt office development plans and rental prospects in London over the next few years. Signs of slowdown in the London office market with fewer transactions so far in 2011 than in 2010: 305 deals of over 5000 sq ft in H1 2011 compared to 400 deals in H1 2010. Apollo Business Research however expects the total number of office requirements in central London to continue to rise and construction levels to continue to grow albeit more slowly.
590 _aKA
651 4 _aLondon
690 _aPROPERTY-COMMERCIAL PROPERTY-COMMERCIAL PROPERTY MARKET
690 _aPROPERTY-COMMERCIAL PROPERTY-COMMERCIAL PROPERTY FINANCE AND INVESTMENT
942 _n0
999 _c83487
_d83487